Movies Quiz

Random Movies or Color Quiz
Score 0/24 Timer 08:00
4 Plays Today
% Correct
Jaws
98%
Mary Poppins
97.2%
E.T. the Extra-Terrestrial
96.7%
Avatar
96.7%
Up
96.3%
Finding Nemo
95.5%
Aladdin
94.4%
Monsters Inc.
94.1%
WALL-E
91%
Edward Scissorhands
87.8%
Singin' in the Rain
85.7%
Lilo & Stitch
85.5%
% Correct
Fantasia
84.4%
The Nightmare Before Christmas
82.5%
Airplane!
81.7%
X-Men: First Class
78%
How To Train Your Dragon
71.4%
TRON: Legacy
71.4%
Chicken Run
71.3%
Zoolander
66.7%
Megamind
64.1%
The Truman Show
57.3%
Scott Pilgrim vs. the World
40.7%
Spirited Away
35.2%

You're not logged in!

Compare scores with friends on all Sporcle quizzes.
OR
Log In

Sporcle TV

Today on Sporcle TV


Watch our educational content, quiz creation guides, and fun videos on Sporcle TV.

Show Comments

Extras

Top Quizzes Today


Score Distribution

Your Account Isn't Verified!

In order to create a playlist on Sporcle, you need to verify the email address you used during registration. Go to your Sporcle Settings to finish the process.

Report this User

Report this user for behavior that violates our Community Guidelines.

Details: